00877nam a2200217 a 450000500170000001000130001702000250003003500130005503700240006808200060009210000290009824500760012726000330020327000870023630000310032370000230035485600780037794200200045599900170047595201670049220111208120745.0 aB-444528 a9788184971767c65.00 aB-444528 bBlueberry Books/Ven aS aBlacker, Terence 939072 aIn stitches with Ms Wiz /cby Terence Blacker; illustred by Tony Ross  aNew Delhi bBPI India c2011 aF-213/A, Ground Floor, Old Mehrauli Badarpur Road, Lado Sarai,bNew Delhi e110030 a60p. ;c18cm. (pbk)bill.  aRoss, Tony 936612 3Table of contentsuhttp://www.loc.gov/catdir/toc/ecip0516/2005020735.html 2ddccCHmBLAhS c59095d59095 001040708FICaZLSbZLSd2012-01-12eBlueberry /7042/29.9.2011/83/21.3.2011/12.10.2011g65.00l0oS BLApB-444528r2012-01-12 00:00:00t1v65.00w2012-01-12yCH